000 00390 a2200145 4500
001 62557
082 _a341.0265491 MOF
090 _c37193
_d37193
245 _aPakistan treaty series 1947-60 vol. I & II
_b2 vol.s set
260 _aIslamabad
_bG O P
300 _a644 p &667 p.
500 _apakistan
505 _aGifted Books
610 _aministray of foreign affairs pakistan
942 _aNUST-CAE
_k341.0265491 MOF
999 _c297630
_d297630